000 00504cam a2200169 4500500
005 20260329003413.0
041 _afre
042 _adc
100 1 0 _aPortevin, Catherine
_eauthor
245 0 0 _aLa réputation
260 _c2015.
500 _a98
690 _aGloria Origgi
690 _aRéputation
786 0 _nPhilosophie magazine | 92 | 9 | 2015-09-01 | p. 66-66 | 1951-1787
856 4 1 _uhttps://shs.cairn.info/magazine-philosophie-magazine-2015-9-page-66?lang=fr&redirect-ssocas=7080
999 _c1824304
_d1824304